Marvel Characters With Their Own TV Shows by Picture - Statistics

General Stats
  • This quiz has been taken 33 times
  • The average score is 32 of 40
Answer Stats
Picture Answer % Correct
Captain America
100%
Hulk
100%
Iron Man
100%
Silver Surfer
100%
Spider-Man
100%
Thing
100%
Thor
100%
Wolverine
100%
Daredevil
96%
Nick Fury
93%
Falcon
89%
Hawkeye
89%
Loki
89%
Moon Knight
89%
Punisher
89%
Scarlet Witch
89%
She-Hulk
89%
Vision
89%
Blade
86%
Iron Fist
86%
Namor the Sub-Mariner
86%
Winter Soldier
86%
Luke Cage
82%
Ms. Marvel
82%
Spider-Woman
82%
M.O.D.O.K.
79%
Agent Coulson
71%
Ironheart
71%
Spider-Man Noir
71%
Echo
68%
Jessica Jones
64%
Quake
64%
Agent Carter
61%
Cloak
61%
Dagger
57%
Wonder Man
57%
Agatha Harkness
54%
Hit-Monkey
50%
Moon Girl
36%
Legion
29%
No matching quizzes found
Score Distribution
Percent of People with Each Score
Percentile by Number Answered
Your Score History
You have not taken this quiz